000 00491nam a2200181Ia 4500
003 GCL
008 140319s9999 xx 000 0 ara d
040 _aGCL /
_cGCL
082 0 4 _a239
_bع م
100 1 _aعطية القوصى
245 1 0 _aمحمد النبى المصطفى /
_cعطية القوصى
300 _a247
490 _aكتاب
_v0
650 0 4 _aالاسلام
650 0 4 _aالسيرة النبوية
650 0 4 _aالاخلاق الاسلامية
942 _2ddc
_cBK
999 _c42916
_d42916